00489nam a2200145Ia 4500008004100000041000800041082001400049100001900063245004500082260003400127300003200161365001100193999001700204952012200221240624s9999 xx 000 0 und d aeng a338.5 KAW aKAWAI MASAHIRO aGLOBAL FINANCIAL CRISIS AND ASIA IMPLICA c2012aNew DelhibOxford India axvii, : 324 : p. : cm. ; 24 cRSb31 c21841d21841 00104070aIMTNbIMTNcRack 11-Bd2013-09-20eUBSg1595.00o338.5 KAWp21841r2024-06-24 00:00:00t1w2024-06-24yBK